| 000 -LEADER |
| fixed length control field |
00866nam a22001577a 4500 |
| 008 - FIXED-LENGTH DATA ELEMENTS--GENERAL INFORMATION |
| fixed length control field |
230927b ||||| |||| 00| 0 eng d |
| 100 ## - MAIN ENTRY--PERSONAL NAME |
| Personal name |
Gupta, Juhi, |
| 245 ## - TITLE STATEMENT |
| Title |
Women leaders in global peacemaking: Ensuring sustaining peace and protecting human and women’s rights |
| 260 ## - PUBLICATION, DISTRIBUTION, ETC. (IMPRINT) |
| Place of publication, distribution, etc |
Social Action |
| 300 ## - PHYSICAL DESCRIPTION |
| Extent |
73(2), Apr-Jun, 2023: p.163-177 |
| 520 ## - SUMMARY, ETC. |
| Summary, etc |
Women’s inclusion in the peacemaking process has always have a matter of global debate. While many counters have well-established regulations to vouch for women’s inclusivity, few still log behind. The current study highlights the overall scenario of how society responds to adversities when women lead the peacemaking processes. – Reproduced |
| 650 ## - SUBJECT ADDED ENTRY--TOPICAL TERM |
| Topical term or geographic name as entry element |
Women, Conflicts, Peacemaking, Case studies, Inclusion. |
| 9 (RLIN) |
40864 |
| 773 ## - HOST ITEM ENTRY |
| Main entry heading |
Social Action |
| 906 ## - LOCAL DATA ELEMENT F, LDF (RLIN) |
| Subject DIP |
WOMEN |
| 942 ## - ADDED ENTRY ELEMENTS (KOHA) |
| Item type |
Articles |